000 00947nac a22002777a 4500
001 BR6900134
003 BR-BrBNA
005 20240105113337.0
008 230509b bl.|||m| |||| 00| 0 por d
040 _aBR-BrBNA
_bpor
_cBiblioteca Nacional de Agricultura
072 _aH20
090 _aH20 BR6900134
100 1 _aVernetti, F. de J.
100 1 _aFerreira, L.P.
110 1 _aInstituto de Pesquisa e Experimentacao Agropecuaria do Sul, Pelotas, RS (Brasil)
_96116
245 1 _aMildio, uma nova doenca da soja, no Rio Grande do Sul [Peronospora manshurica; Glycine max; Brasil]
260 3 _aPelotas, RS (Brasil):
_c1969.
300 _a12 p.
490 _aCircular - Instituto de Pesquisa e Experimentacao Agropecuaria do Sul (Brazil)
_vno. 41
_x
650 _aDoenca de planta
650 _aSoja
650 _aMildio
650 _aRio Grande do Sul
909 _a202312
_bLúcia Elande
_c55
_dLúcia Elande
942 _2AGRIS
_n0
_cMS
999 _c263206
_d263206